| 000 | 00342nam a22001217a 4500 | ||
|---|---|---|---|
| 008 | 180606b xxu||||| |||| 00| 0 eng d | ||
| 041 | _aeng | ||
| 080 | _a043.3 | ||
| 100 | _a0 | ||
| 101 | _aSHJ-BTH | ||
| 245 |
_aPërgjegjësia juridike e shteteve anëtare për shkeljet e të drejtës së bashkimit Europian _cSylejmani,V |
||
| 942 |
_2udc _cBK |
||
| 999 |
_c46428 _d46428 |
||